Introduction to classical mechanics: with problems and solutions.
Sparad:
| Huvudupphovsman: | |
|---|---|
| Materialtyp: | Bok |
| Språk: | engelska |
| Publicerad: |
Cambridge, United Kingdom:
Cambridge University Press,
2008.
|
| Ämnen: | |
| Taggar: |
Lägg till en tagg
Inga taggar, Lägg till första taggen!
|
MARC
| LEADER | 00000nam a2200000 a 4500 | ||
|---|---|---|---|
| 001 | UCG4382 | ||
| 003 | CL-VaPUC | ||
| 005 | 20240821100630.0 | ||
| 008 | 101028t20080000US |||||||||||||||||eng|d | ||
| 020 | |a 9780521876223 | ||
| 040 | |c Pontificia Universidad Católica de Valparaíso | ||
| 082 | 0 | 7 | |a 531 MOR 2008 |2 22 |b |
| 100 | 0 | |a Morin, David |e autor |9 553705 | |
| 245 | 1 | 0 | |a Introduction to classical mechanics: |b with problems and solutions. |
| 260 | |a Cambridge, United Kingdom: |b Cambridge University Press, |c 2008. | ||
| 300 | |a xvii, 719 páginas. | ||
| 500 | |a c.2 Reemplazo por pérdida. 12-7-2023 | ||
| 583 | |a last modification |c 20101028 00:00:00 |k Rodrigo Vera | ||
| 650 | 0 | |a Mecánica |9 260096 |v Problemas y soluciones | |
| 942 | |c BK |2 ddc | ||
| 945 | |d 20101028 00:00:00 |a mfarfan | ||
| 999 | |c 343142 |d 343140 | ||
| 952 | |0 0 |1 0 |2 ddc |4 0 |6 531_000000000000000_MOR_2008 |7 0 |8 A |9 590867 |a BIBCUR |b BIBCUR |c GEN |d 2023-07-12 |e 1 |g 62748.00 |i 5658058 |l 27 |m 12 |o 531 MOR 2008 |p 5658058 |r 2025-04-22 |s 2025-04-14 |t 2 |v 62748.00 |w 2023-07-12 |y BK_R |k QUI | ||